[Event "Leipzig VfB op 14th"]
[Site "Leipzig"]
[Date "2007.03.24"]
[Round "7"]
[White "Kuersten, Susanne"]
[Black "Naumann, Peter"]
[Result "0-1"]
[WhiteElo "1461"]
[BlackElo "1935"]
[PlyCount "94"]
[EventDate "2007.03.20"]
[EventType "swiss"]
[EventRounds "9"]
[EventCountry "GER"]
[SourceTitle "EXT 2008"]
[Source "ChessBase"]
[SourceDate "2007.11.25"]
[SourceVersion "1"]
[SourceVersionDate "2007.11.25"]
[SourceQuality "1"]

1. e4 e5 2. Nf3 Nc6 3. Bc4 Bc5 4. d3 Nf6 5. h3 d6 6. Nc3 Na5 7. Bb3 Nxb3 8. axb3 a6 9. 0-0 h6 10. Ne2 Bd7 11. c3 Bb6 12. Bd2 Nh5 13. d4 Qf6 14. Kh2 exd4 15. Nexd4 0-0-0 16. Be3 g5 17. Nd2 g4 18. g3 Qg6 19. h4 Nf6 20. Nf5 Bxf5 21. exf5 Qxf5 22. Bxb6 cxb6 23. Nc4 Qc5 24. Qd3 Rhe8 25. b4 Qc7 26. Qf5+ Re6 27. Ne3 h5 28. Nc2 Qe7 29. Nd4 Kc7 30. Nxe6+ fxe6 31. Qd3 d5 32. Rae1 Ne4 33. c4 Qxb4 34. cxd5 exd5 35. Qc2+ Kb8 36. Re2 Rf8 37. Qd3 Rf5 38. Rc2 Qd6 39. Qe3 Rf3 40. Qe2 Nxg3 41. Qe8+ Ka7 42. Kg2 Nxf1 43. Kxf1 Qh2 44. Qxh5 Qh1+ 45. Ke2 Qg2 46. Qg5 Rxf2+ 47. Ke3 Rxc2 0-1